00994cam a22002893a 45000010005000000030006000050050017000110080041000280100017000690200022000860200018001080350023001260400023001490500020001720820016001921000018002082450072002262600035002983000059003334400032003925050007004245200169004315210020006005210020006206500028006407000036006683877FISKH20240704134911.0040914s2004 nyua b 000 1 eng d a 2004558260 a0439569907 (pbk.) a9780439569903 a(OCoLC)ocm55084210 aCQFcCQFdDLCbeng00aMLCM 2006/4298004a551.5782221 aCole, Joanna.10aLost in the snow /cJoanna Cole ; illustrations by Carolyn Bracken. aNew York :bScholastic,c2004. a32 unnumbered pages : bcolor illustrations ; c23 cm  0aScholastic reader.nLevel 2 aH  aMs. Frizzle's students want to know what makes snow, so she proposes a field trip courtesy of the Magic School Bus, but disaster strikes when they lose Ms. Frizzle.8 a420 bLexile 8 aH bRaz-PLus  0aSnowvJuvenile fiction.1 aBracken, Carolyn.4illustrator